000 00405pab a2200169 454500
008 180718b2007 xxu||||| |||| 00| 0 eng d
100 _aGrinols, Eart L.
245 _aAn enhancement of modern free trade area theory
260 _c2007
300 _ap.219-25.
362 _aApr
650 _aFree trade
700 _aSilva, Peri
773 _aOxford Economic Papers
908 _aN
909 _a75309
999 _c75309
_d75309